| 000 | 00425nam a2200193Ia 4500 | ||
|---|---|---|---|
| 008 | 240510s9999 xx 000 0 und d | ||
| 020 | _a0000246120142 | ||
| 041 | _aEng | ||
| 082 | _a004.165 | ||
| 082 | _bJ15 | ||
| 100 | _aJAMES, Mike | ||
| 245 | 4 | _aThe BBC micro an expert guide | |
| 260 | _bLondon : Granada | ||
| 260 | _c1983 | ||
| 300 | _a158 p. | ||
| 650 | _aMicroprocessors | ||
| 942 | _2ddc | ||
| 942 | _cLBK | ||
| 999 |
_c25053 _d25053 |
||
| 945 |
_a1 _bMadushi Gamage _c1 _dMadushi Gamage |
||